| 000 | 01398nam0a2200349 4500 | ||
|---|---|---|---|
| 001 | RU\NLR\BIBL_A\012159219 | ||
| 005 | 20191224171247.0 | ||
| 010 |
_a978-5-04-094487-3 _92000 |
||
| 021 |
_aRU _bКН-П-19-084670 _9КН-П-19-6155 |
||
| 035 | _a(NLR Aleph) 012159219 | ||
| 035 | _a(RuMoRGB)010150112 | ||
| 090 |
_a12182026 _c12182026 |
||
| 100 | _a20191209d2019 u y0rusy50 ca | ||
| 101 | 1 |
_arus _cchi |
|
| 102 | _aRU | ||
| 105 | _aa|||zzzz000zy | ||
| 200 | 1 |
_aКнига об истине и силе _fЛао-Цзы _gв переводе и с комментариями Бронислава Виногродского |
|
| 210 |
_aМосква _cЭксмо _d2019 |
||
| 215 |
_a465 с. _cил. _d17 |
||
| 225 | 1 |
_aИскусство управления миром _iКоллекция миниатюр _eавторская серия Б. Виногродского |
|
| 333 | _a16+ | ||
| 606 | 1 |
_aДаосизм _yКитай _2nlr_sh1 _2nlr_sh2 _3RU\NLR\AUTH\661332504 |
|
| 686 | 1 | _aЮ3(5Кит)3-218 | |
| 686 | 2 | _aЭ342-2 | |
| 700 | 0 |
_aЛао-Цзы _f6-5 вв. до н.э. _3RU\NLR\AUTH\778936 |
|
| 702 | 1 |
_aВиногродский _bБ. Б. _f1957- _gБронислав Брониславович _3RU\NLR\auth\7737896 _4730 |
|
| 942 | _cBOOK | ||
| 980 | _aNBR | ||
| 980 | _aNB | ||